00494 2200193 4500001002100000005001500021035002000036007000300056008004100059020002200100082000800122084001400130100002100144245004000165250000600205260003800211300003000249600002100279INLIS00000000000247920220321055724 a0010-0322001041ta220321 e | ind  a978-602-14307-5-0 a370 a370 ELO k0 aELOK NING FAIKOH1 aKEAJAIBAN TELUR /cELOK NING FAIKOH a2 aYogyakarta :bISTANA MEDIA,c2017 a150 :bILS ;c14,8X 21 CM 4aELOK NING FAIKOH